| 000 | 00563nam a2200193Ia 4500 | ||
|---|---|---|---|
| 005 | 20250508155356.0 | ||
| 008 | 008 250505s9999 xx 000 0 eng d | ||
| 037 | _aBooks to be hide in OPAC | ||
| 040 |
_aFEDL _beng _cFEDL |
||
| 041 |
_aeng _2eng |
||
| 084 |
_a745.444, DAM/O _qFEDL |
||
| 100 | _aD'Amico Victor | ||
| 245 | 0 | _aArt for the family | |
| 260 |
_aNew York, USA _bThe Museum of Modern Art _c1954 |
||
| 300 | _a110p. | ||
| 700 |
_a Wilson Frances Maser Moreen _9766931 |
||
| 942 |
_cHB _h745.444, DAM/O |
||
| 999 |
_c1356347 _d1356347 |
||